<?xml version="1.0" encoding="UTF-8"?>
<collection xmlns="http://www.loc.gov/MARC21/slim">
  <record>
    <leader>00000nam  2200000   4500</leader>
    <controlfield tag="001">INLIS000000000045207</controlfield>
    <controlfield tag="005">20250506072647</controlfield>
    <datafield tag="035" ind1="#" ind2="#">
      <subfield code="a">0010-011500000000033</subfield>
    </datafield>
    <controlfield tag="008">250506################c##########j#ind##</controlfield>
    <datafield tag="082" ind1="#" ind2="#">
      <subfield code="a">028.5</subfield>
    </datafield>
    <datafield tag="090" ind1="#" ind2="#">
      <subfield code="a">028.5</subfield>
      <subfield code="b">sit p</subfield>
    </datafield>
    <datafield tag="100" ind1="3" ind2="#">
      <subfield code="a">Situmorang, T. Sandi</subfield>
    </datafield>
    <datafield tag="245" ind1="1" ind2="#">
      <subfield code="a">Penunggu rumah tua :</subfield>
      <subfield code="b">Kumpulan cerita anak /</subfield>
      <subfield code="c">T. Sandi Situmorang</subfield>
    </datafield>
    <datafield tag="260" ind1="#" ind2="#">
      <subfield code="a">Yogyakarta :</subfield>
      <subfield code="b">Andi,</subfield>
      <subfield code="c">2009</subfield>
    </datafield>
    <datafield tag="300" ind1="#" ind2="#">
      <subfield code="a">85 hlm. :</subfield>
      <subfield code="b">- ;</subfield>
      <subfield code="c">13 x 19 cm</subfield>
    </datafield>
    <datafield tag="850" ind1="#" ind2="#">
      <subfield code="a">NBPMAT</subfield>
    </datafield>
    <datafield tag="020" ind1="#" ind2="#">
      <subfield code="a">978-979-29-0622-6</subfield>
    </datafield>
    <datafield tag="084" ind1="#" ind2="#">
      <subfield code="a">028.5 SIT p</subfield>
    </datafield>
    <datafield tag="250" ind1="#" ind2="#">
      <subfield code="a">Ed. 1, Cet. 10</subfield>
    </datafield>
    <datafield tag="650" ind1="#" ind2="4">
      <subfield code="a">Bacaan kanak-kanak</subfield>
    </datafield>
    <datafield tag="990" ind1="#" ind2="#">
      <subfield code="a">0001/BPAP-NTB/20142015</subfield>
    </datafield>
  </record>
</collection>
